000 00266nam a2200097Ia 4500
005 20251222114357.0
008 251222s1900||||xx |||||||||||||| ||spa||
082 _aDVD0070/P59/2002
245 0 _aKamchatka: creer no es más que descubrir un par de secretos:
942 _cDVD
999 _c1477
_d1477